[Event "First Saturday 2010 oktober FM-B"]
[Site "Bodapest"]
[Date "2010.10.02"]
[Round "1"]
[White "Shan, He Jia Rita"]
[Black "Hetesi, Zoltan"]
[Result "1/2-1/2"]
[WhiteElo "1528"]
[BlackElo "1540"]
[PlyCount "57"]
[EventDate "2010.10.02"]

1. d4 d5 2. Bf4 Bf5 3. e3 e6 4. Nf3 c5 5. c3 Nf6 6. Nbd2 Nc6 7. h3 c4 8. Be2 h6
9. O-O g5 10. Be5 Bd6 11. Bxd6 Qxd6 12. g4 Bg6 13. b3 b5 14. Re1 Ne4 15. Nxe4
Bxe4 16. Bf1 h5 17. Nxg5 hxg4 18. Nxe4 dxe4 19. Qxg4 f5 20. Qg3 e5 21. bxc4
O-O-O 22. dxe5 Nxe5 23. Red1 Qe6 24. Rxd8+ Rxd8 25. Bg2 Rg8 26. Qf4 Qg6 27. Qg3
Qe6 28. Qf4 Qg6 29. Qg3 1/2-1/2

[Event "First Saturday 2010 oktober FM-B"]
[Site "Bodapest"]
[Date "2010.10.02"]
[Round "1"]
[White "Muller, Daniel"]
[Black "Szakats, Stefan"]
[Result "1/2-1/2"]
[WhiteElo "1535"]
[BlackElo "1859"]
[PlyCount "38"]
[EventDate "2010.10.02"]

1. e4 c5 2. c3 d5 3. exd5 Qxd5 4. Nf3 Bg4 5. Be2 Nf6 6. d4 cxd4 7. cxd4 e6 8.
O-O Be7 9. Nc3 Qd8 10. Qb3 Qb6 11. Bb5+ Kf8 12. Na4 Qd8 13. Bf4 Nd5 14. Bxb8
Rxb8 15. Ne5 Nf6 16. Nc5 Bxc5 17. dxc5 Bh5 18. c6 Qc7 19. Qg3 Kg8 1/2-1/2

[Event "First Saturday 2010 oktober FM-B"]
[Site "Bodapest"]
[Date "2010.10.02"]
[Round "1"]
[White "Batari, Zoltan"]
[Black "Hendi, Peter"]
[Result "0-1"]
[WhiteElo "1708"]
[BlackElo "1685"]
[PlyCount "70"]
[EventDate "2010.10.02"]

1. d4 Nf6 2. c4 c5 3. d5 b5 4. b3 g6 5. Bb2 Bg7 6. Nf3 d6 7. g3 Qb6 8. Nbd2 O-O
9. Bg2 bxc4 10. Nxc4 Qb4+ 11. Qd2 Qxd2+ 12. Nfxd2 Nbd7 13. Na5 Nb6 14. Nc6 Re8
15. Bxf6 Bxf6 16. Rc1 a5 17. Nc4 Nxc4 18. bxc4 a4 19. Kd2 a3 20. Rb1 Bb2 21. f4
Ra4 22. Kd3 Ba6 23. Rhc1 Bxc1 24. Rxc1 e6 25. dxe6 fxe6 26. e4 Bb7 27. e5 dxe5
28. fxe5 Ra6 29. Nb4 Rd8+ 30. Kc2 cxb4 31. Bxb7 Rb6 32. Be4 Rd4 33. Bd3 Rb8 34.
Rb1 Rbd8 35. Rd1 b3+ 0-1

[Event "First Saturday 2010 oktober FM-B"]
[Site "Bodapest"]
[Date "2010.10.02"]
[Round "1"]
[White "Toth, Antal"]
[Black "Kiss, Sydney Olimpia"]
[Result "1-0"]
[WhiteElo "1642"]
[BlackElo "1472"]
[PlyCount "79"]
[EventDate "2010.10.02"]

1. e4 e5 2. Nf3 Nf6 3. d3 Nc6 4. c3 Bc5 5. h3 d6 6. Be2 h6 7. Nbd2 Bd7 8. Nf1
Qe7 9. Be3 Bb6 10. Bxb6 axb6 11. Ne3 O-O 12. O-O Be6 13. a3 d5 14. exd5 Bxd5
15. Nd2 Be6 16. Re1 Rfd8 17. Qc2 Nd5 18. Nxd5 Bxd5 19. Bf3 Bxf3 20. Nxf3 Qd6
21. Rad1 Re8 22. Re2 Rad8 23. Qa4 Qd5 24. Qg4 e4 25. Ne1 Ne5 26. Qg3 exd3 27.
Red2 Qb3 28. Nxd3 Nxd3 29. Rxd3 Rxd3 30. Rxd3 Qxb2 31. c4 Qc1+ 32. Kh2 Qxc4 33.
Rc3 Qf1 34. Rxc7 Re1 35. Qf4 Qh1+ 36. Kg3 f6 37. Qc4+ Kh7 38. Qf7 Re3+ 39. fxe3
Qe1+ 40. Kh2 1-0

[Event "First Saturday 2010 oktober FM-B"]
[Site "Bodapest"]
[Date "2010.10.03"]
[Round "2"]
[White "Hendi, Peter"]
[Black "Toth, Antal"]
[Result "1/2-1/2"]
[WhiteElo "1685"]
[BlackElo "1642"]
[PlyCount "59"]
[EventDate "2010.10.02"]

1. d4 d5 2. c4 e6 3. Nf3 Nf6 4. e3 c6 5. Be2 Be7 6. O-O O-O 7. Nc3 Re8 8. Qc2
Nbd7 9. Bd3 Nf8 10. Ne5 Bd6 11. f4 N6d7 12. b3 f6 13. Ng4 f5 14. Ne5 Nf6 15.
cxd5 cxd5 16. Nb5 a6 17. Nxd6 Qxd6 18. a4 Bd7 19. Ba3 Qb8 20. Qe2 Rc8 21. Rac1
Rxc1 22. Rxc1 Qd8 23. Bxf8 Kxf8 24. Qd2 Kg8 25. Qb4 Rc8 26. Qe1 Rxc1 27. Qxc1
Qc8 28. Qxc8+ Bxc8 29. Be2 Ne4 30. Nd3 1/2-1/2

[Event "First Saturday 2010 oktober FM-B"]
[Site "Bodapest"]
[Date "2010.10.03"]
[Round "2"]
[White "Vujosevics, Eszter"]
[Black "Batari, Zoltan"]
[Result "0-1"]
[WhiteElo "1367"]
[BlackElo "1708"]
[PlyCount "62"]
[EventDate "2010.10.02"]

1. e4 e5 2. Nf3 Nc6 3. Bc4 Nf6 4. d3 Bc5 5. Nc3 d6 6. Bg5 h6 7. Bxf6 gxf6 8. h3
Rg8 9. g3 f5 10. Qd2 Rh8 11. O-O-O Be6 12. Bxe6 fxe6 13. a3 Qf6 14. Nh4 f4 15.
Na4 Bb6 16. Qe2 O-O-O 17. c3 fxg3 18. Nxb6+ axb6 19. fxg3 Qg5+ 20. Kb1 Qxg3 21.
Qh5 Rdf8 22. Ng6 Rf2 23. Qg4 Qxg4 24. hxg4 Rg8 25. Rxh6 Rg2 26. Rf1 Rxg4 27.
Rf6 Rg3 28. Rf7 R3xg6 29. Rhh7 Na5 30. Rxc7+ Kb8 31. b4 Rg1+ 0-1

[Event "First Saturday 2010 oktober FM-B"]
[Site "Bodapest"]
[Date "2010.10.03"]
[Round "2"]
[White "Hetesi, Zoltan"]
[Black "Muller, Daniel"]
[Result "0-1"]
[WhiteElo "1540"]
[BlackElo "1535"]
[PlyCount "64"]
[EventDate "2010.10.02"]

1. e4 g6 2. d4 d6 3. Nf3 Bg7 4. Bc4 Nf6 5. Nc3 c6 6. Bf4 O-O 7. Qd2 b5 8. Bb3
b4 9. Ne2 Nxe4 10. Qxb4 a5 11. Qa4 Bd7 12. Bc4 c5 13. Qb3 cxd4 14. Bd5 a4 15.
Qd3 Nc5 16. Qd2 Bc6 17. Bxc6 Nxc6 18. Bh6 e5 19. Bxg7 Kxg7 20. Ng3 f5 21. b4
axb3 22. cxb3 Nxb3 23. Ng5 Qf6 24. Qc2 Nxa1 25. Qxc6 Qxg5 26. O-O Rxa2 27. Qxd6
Qf6 28. Qd7+ Rf7 29. Qd5 Rfa7 30. Rb1 Nc2 31. Rb7+ Rxb7 32. Qxb7+ Qf7 0-1

[Event "First Saturday 2010 oktober FM-B"]
[Site "Bodapest"]
[Date "2010.10.04"]
[Round "3"]
[White "Toth, Antal"]
[Black "Vujosevics, Eszter"]
[Result "1-0"]
[WhiteElo "1642"]
[BlackElo "1367"]
[PlyCount "93"]
[EventDate "2010.10.02"]

1. e4 e5 2. Nf3 Nc6 3. Bb5 f5 4. Bxc6 dxc6 5. Nc3 fxe4 6. Nxe4 Bg4 7. h3 Bh5 8.
O-O Nf6 9. Ng3 e4 10. Nxh5 exf3 11. Qxf3 Nxh5 12. Qxh5+ g6 13. Qe5+ Qe7 14.
Qxh8 O-O-O 15. Qc3 Qd7 16. d3 Re8 17. Be3 Bg7 18. Qa3 a6 19. Rae1 Qf7 20. Qb3
Qf5 21. Qc4 Bf8 22. Qg4 Qxg4 23. hxg4 Rd8 24. Bg5 Rd5 25. Re8+ Kd7 26. Rxf8
Rxg5 27. Rf7+ Kd6 28. Rxh7 Rxg4 29. Re1 Rd4 30. Ree7 Rg4 31. Rxc7 b6 32. Rhd7+
Kc5 33. c3 a5 34. a4 Rxa4 35. d4+ Kb5 36. b3 Ra1+ 37. Kh2 Rc1 38. c4+ Kb4 39.
Rxc6 Kxb3 40. Rxb6+ Kc3 41. Ra6 Ra1 42. Rda7 Kb4 43. c5 Rd1 44. Rxa5 Kc3 45.
Rd7 Kb4 46. Ra6 Kb5 47. Rxg6 1-0

[Event "First Saturday 2010 oktober FM-B"]
[Site "Bodapest"]
[Date "2010.10.04"]
[Round "3"]
[White "Kiss, Sydney Olimpia"]
[Black "Hendi, Peter"]
[Result "0-1"]
[WhiteElo "1472"]
[BlackElo "1685"]
[PlyCount "60"]
[EventDate "2010.10.02"]

1. e4 e5 2. Nf3 Nf6 3. Bc4 Bc5 4. O-O O-O 5. d3 d6 6. Bg5 Bg4 7. Nc3 c6 8. Kh1
Nbd7 9. Qd2 Bh5 10. d4 Bb4 11. dxe5 Nxe5 12. Nxe5 dxe5 13. Qxd8 Raxd8 14. Bxf6
gxf6 15. Ne2 b5 16. Bd3 Rxd3 17. cxd3 Bxe2 18. Rfc1 Rc8 19. a3 Ba5 20. Rc5 Bb6
21. Rc3 Bd4 22. Rb3 Bxf2 23. Rc1 Bd4 24. Ra1 a5 25. a4 b4 26. Re1 Bg4 27. Rf1
Be6 28. Rxb4 axb4 29. Rb1 Bb3 30. a5 Bc2 0-1

[Event "First Saturday 2010 oktober FM-B"]
[Site "Bodapest"]
[Date "2010.10.05"]
[Round "4"]
[White "Vujosevics, Eszter"]
[Black "Kiss, Sydney Olimpia"]
[Result "0-1"]
[WhiteElo "1367"]
[BlackElo "1472"]
[PlyCount "132"]
[EventDate "2010.10.02"]

1. e4 e5 2. Nf3 Nf6 3. Nxe5 d6 4. Nf3 Nxe4 5. Nc3 Nxc3 6. dxc3 Be7 7. Be3 Bf5
8. Be2 Nc6 9. Qd2 Qd7 10. O-O-O O-O-O 11. Bb5 a6 12. Bxc6 Qxc6 13. Nd4 Qd7 14.
Nxf5 Qxf5 15. Rde1 Qa5 16. Kb1 Bf6 17. Bd4 Bxd4 18. Qxd4 f6 19. Re7 Qc5 20.
Qg4+ Kb8 21. Qxg7 Rdg8 22. Qxf6 Qd5 23. Rg1 Ka7 24. a3 Rf8 25. Qh6 Rxf2 26. Qh4
Qd2 27. Qd4+ Qxd4 28. cxd4 Kb6 29. h4 Rf4 30. Rd1 Rxh4 31. b4 Rg8 32. Re2 d5
33. a4 a5 34. Re6+ c6 35. b5 Rxg2 36. Rd3 Rh1+ 37. Kb2 Rgg1 38. bxc6 bxc6 39.
Rb3+ Kc7 40. Re7+ Kd6 41. Ra7 Rb1+ 42. Kc3 Rh3+ 43. Kd2 Rbxb3 44. cxb3 Rxb3 45.
Rxa5 h5 46. Ke2 Rb4 47. Ra7 Rxd4 48. a5 Ra4 49. Ra8 Kc7 50. Ra7+ Kb8 51. Rh7 h4
52. a6 Rxa6 53. Rxh4 Kb7 54. Rb4+ Rb6 55. Rh4 Rb5 56. Kd3 Kb6 57. Kc3 Ka5 58.
Rh6 Rc5+ 59. Kd4 Kb4 60. Rh1 Rc4+ 61. Ke5 d4 62. Rd1 c5 63. Kd5 Rc3 64. Rb1+
Ka3 65. Rb5 d3 66. Ra5+ Kb2 0-1

[Event "First Saturday 2010 oktober FM-B"]
[Site "Bodapest"]
[Date "2010.10.05"]
[Round "4"]
[White "Szakats, Stefan"]
[Black "Toth, Antal"]
[Result "1-0"]
[WhiteElo "1859"]
[BlackElo "1642"]
[PlyCount "55"]
[EventDate "2010.10.02"]

1. e4 c5 2. Nf3 d6 3. Be2 Nc6 4. c3 Nf6 5. d4 Nxe4 6. d5 Nb8 7. Qa4+ Nd7 8.
Qxe4 Nf6 9. Bb5+ Bd7 10. Bxd7+ Qxd7 11. Qd3 g6 12. c4 Bg7 13. Nc3 a6 14. O-O
O-O 15. Re1 Rfe8 16. a4 e5 17. dxe6 fxe6 18. Bg5 Qc6 19. Re2 Qc7 20. Rae1 Qb6
21. h3 Kf7 22. Bxf6 Bxf6 23. Ne4 Be7 24. Nfg5+ Kg8 25. Nxe6 Qc6 26. Qc3 Bf8 27.
Nf6+ Kf7 28. Ng5+ 1-0

[Event "First Saturday 2010 oktober FM-B"]
[Site "Bodapest"]
[Date "2010.10.05"]
[Round "4"]
[White "Hetesi, Zoltan"]
[Black "Batari, Zoltan"]
[Result "0-1"]
[WhiteElo "1540"]
[BlackElo "1708"]
[PlyCount "56"]
[EventDate "2010.10.02"]

1. e4 e5 2. Nf3 Nc6 3. Bc4 Nf6 4. d3 Bc5 5. O-O d6 6. c3 Bg4 7. Nbd2 Qd7 8. h3
Bh5 9. g4 Bxg4 10. hxg4 Qxg4+ 11. Kh1 Qh3+ 12. Nh2 h5 13. Ndf3 Ng4 14. Bxf7+
Kf8 15. Be6 Nd8 16. d4 Nxe6 17. dxc5 Nxc5 18. Qe2 Ke7 19. Rg1 Nxe4 20. Rg2 d5
21. Bg5+ Ke6 22. Bh4 Raf8 23. Rf1 Rf5 24. Qd3 Kd6 25. Qe2 Nxh2 26. Rg6+ Nf6 27.
Rg3 Qxf1+ 28. Qxf1 Nxf1 0-1

[Event "First Saturday 2010 oktober FM-B"]
[Site "Bodapest"]
[Date "2010.10.05"]
[Round "4"]
[White "Shan, He Jia Rita"]
[Black "Muller, Daniel"]
[Result "1-0"]
[WhiteElo "1528"]
[BlackElo "1535"]
[PlyCount "75"]
[EventDate "2010.10.02"]

1. d4 Nf6 2. Bf4 g6 3. e3 Bg7 4. Nf3 d6 5. Be2 O-O 6. O-O Nbd7 7. h3 c6 8. c4
Nh5 9. Bh2 f5 10. Ng5 Nhf6 11. Ne6 Qb6 12. Nxf8 Nxf8 13. Qc2 Bd7 14. Nd2 Ne6
15. Nb3 Rf8 16. Rad1 Ne4 17. Bf3 N6g5 18. Bxe4 Nxe4 19. Nd2 Ng5 20. Qb3 Qa6 21.
Bf4 Nf7 22. a3 e5 23. dxe5 dxe5 24. Bg3 Be6 25. Qc2 c5 26. Rc1 Qc6 27. b4 b6
28. Rfd1 Nd6 29. Bh4 f4 30. Be7 Rf5 31. Bxd6 Rg5 32. Qe4 Qxd6 33. Nf3 Qe7 34.
Nxg5 Qxg5 35. exf4 Qh4 36. Qa8+ Kf7 37. Qxa7+ Kg8 38. Qxb6 1-0

[Event "First Saturday 2010 oktober FM-B"]
[Site "Bodapest"]
[Date "2010.10.06"]
[Round "5"]
[White "Toth, Antal"]
[Black "Hetesi, Zoltan"]
[Result "1-0"]
[WhiteElo "1642"]
[BlackElo "1540"]
[PlyCount "69"]
[EventDate "2010.10.02"]

1. e4 e5 2. Nf3 Nc6 3. Bb5 a6 4. Ba4 Bc5 5. c3 Nf6 6. Bc2 d6 7. h3 Be6 8. d4
exd4 9. cxd4 Bb4+ 10. Bd2 Bc4 11. b3 Bxd2+ 12. Qxd2 Be6 13. d5 Bxd5 14. exd5
Ne5 15. Nxe5 dxe5 16. Nc3 O-O 17. O-O Qd6 18. Ne4 Nxe4 19. Bxe4 f5 20. Bc2 Rad8
21. Rad1 e4 22. Qc1 Qe5 23. b4 Kh8 24. Bb3 f4 25. Rde1 Rde8 26. Qa1 Qf5 27. Qd4
f3 28. g4 Qf4 29. Qe3 Qe5 30. Kh1 Rf6 31. Rg1 h5 32. Rg3 hxg4 33. Rxg4 Rh6 34.
Rg3 Rh4 35. Rxf3 1-0

[Event "First Saturday 2010 oktober FM-B"]
[Site "Bodapest"]
[Date "2010.10.06"]
[Round "5"]
[White "Kiss, Sydney Olimpia"]
[Black "Szakats, Stefan"]
[Result "0-1"]
[WhiteElo "1472"]
[BlackElo "1859"]
[PlyCount "44"]
[EventDate "2010.10.02"]

1. e4 c5 2. Nf3 a6 3. d4 cxd4 4. Nxd4 Nf6 5. Nc3 e5 6. Nf3 Bb4 7. Bd3 d5 8.
exd5 e4 9. Qe2 O-O 10. Bxe4 Nxe4 11. Qxe4 Re8 12. Ne5 Bxc3+ 13. bxc3 f6 14. O-O
Rxe5 15. Qf3 Qxd5 16. Qxd5+ Rxd5 17. Re1 Nc6 18. Bf4 Kf7 19. h3 Na5 20. Rad1
Rxd1 21. Rxd1 Be6 22. a3 Rc8 {after 27 move} 0-1

[Event "First Saturday 2010 oktober FM-B"]
[Site "Bodapest"]
[Date "2010.10.06"]
[Round "5"]
[White "Hendi, Peter"]
[Black "Vujosevics, Eszter"]
[Result "1-0"]
[WhiteElo "1685"]
[BlackElo "1367"]
[PlyCount "45"]
[EventDate "2010.10.02"]

1. d4 d5 2. c4 c6 3. Nc3 Nf6 4. Nf3 Bf5 5. Qb3 Qd7 6. Ne5 Qc7 7. h3 Nbd7 8. Bf4
Nxe5 9. Bxe5 Qd7 10. e3 e6 11. cxd5 exd5 12. Be2 Ne4 13. Nb5 f6 14. Bh2 Bd6 15.
Nxd6+ Nxd6 16. O-O Ne4 17. Rfe1 Bg6 18. f3 Ng5 19. Qa3 Qe6 20. Rac1 b5 21. Qc5
Qxe3+ 22. Kh1 Rc8 23. Bf1 1-0

[Event "First Saturday 2010 oktober FM-B"]
[Site "Bodapest"]
[Date "2010.10.07"]
[Round "6"]
[White "Szakats, Stefan"]
[Black "Hendi, Peter"]
[Result "0-1"]
[WhiteElo "1859"]
[BlackElo "1685"]
[PlyCount "82"]
[EventDate "2010.10.02"]

1. e4 e5 2. Nf3 Nf6 3. Nc3 Nc6 4. Bb5 Bc5 5. d3 h6 6. Na4 Bd6 7. c4 a6 8. Bxc6
dxc6 9. c5 Be7 10. Be3 Ng4 11. h3 Nxe3 12. fxe3 Bh4+ 13. Kd2 Bf6 14. Qc2 a5 15.
Rad1 Bd7 16. Kc1 b5 17. cxb6 cxb6 18. d4 exd4 19. e5 Bg5 20. Nxg5 Qxg5 21. Rxd4
Qxe3+ 22. Rd2 O-O 23. Kb1 Be6 24. Re2 Qg5 25. Qd2 Qxd2 26. Rxd2 b5 27. Nc3 Rfd8
28. Rhd1 Rxd2 29. Rxd2 Kf8 30. Ne2 c5 31. h4 Ke7 32. g3 Rd8 33. Rxd8 Kxd8 34.
Nc3 b4 35. Nb5 Ke7 36. Nd6 Bd5 37. Nf5+ Ke6 38. Nxg7+ Kxe5 39. g4 f6 40. Kc1
Bf3 41. Kd2 Bxg4 0-1

[Event "First Saturday 2010 oktober FM-B"]
[Site "Bodapest"]
[Date "2010.10.07"]
[Round "6"]
[White "Hetesi, Zoltan"]
[Black "Kiss, Sydney Olimpia"]
[Result "1/2-1/2"]
[WhiteElo "1540"]
[BlackElo "1472"]
[PlyCount "35"]
[EventDate "2010.10.02"]

1. e4 e5 2. Nf3 Nc6 3. Bb5 Nge7 4. Nc3 g6 5. d4 exd4 6. Nd5 Bg7 7. Bg5 h6 8.
Bf6 Bxf6 9. Nxf6+ Kf8 10. O-O a6 11. Bc4 Nf5 12. Nd5 Nd6 13. Bd3 Ne8 14. Re1 d6
15. Bf1 Nf6 16. Nxd4 Nxd5 17. exd5 Ne7 18. Nf3 1/2-1/2

[Event "First Saturday 2010 oktober FM-B"]
[Site "Bodapest"]
[Date "2010.10.08"]
[Round "7"]
[White "Toth, Antal"]
[Black "Shan, He Jia Rita"]
[Result "1/2-1/2"]
[WhiteElo "1642"]
[BlackElo "1528"]
[PlyCount "66"]
[EventDate "2010.10.02"]

1. e4 e6 2. d4 d5 3. exd5 exd5 4. Bd3 Nc6 5. Nf3 Be6 6. c3 Nf6 7. Bg5 Bd6 8.
O-O O-O 9. Re1 h6 10. Bxf6 Qxf6 11. Nbd2 Rfe8 12. Qc2 a6 13. g3 Bg4 14. Kg2 Re7
15. Rxe7 Qxe7 16. Re1 Qd7 17. Ng1 Re8 18. Rxe8+ Qxe8 19. Ndf3 Qd7 20. h3 Be6
21. Nh4 Ne7 22. f4 g5 23. fxg5 hxg5 24. Nhf3 g4 25. Ng5 gxh3+ 26. N5xh3 Bxh3+
27. Nxh3 Qg4 28. Qf2 Ng6 29. Bxg6 Qxg6 30. Qe3 Qc2+ 31. Qf2 Qe4+ 32. Qf3 Qc2+
33. Qf2 Qe4+ 1/2-1/2

[Event "First Saturday 2010 oktober FM-B"]
[Site "Bodapest"]
[Date "2010.10.08"]
[Round "7"]
[White "Hendi, Peter"]
[Black "Hetesi, Zoltan"]
[Result "0-1"]
[WhiteElo "1685"]
[BlackElo "1540"]
[PlyCount "34"]
[EventDate "2010.10.02"]

1. d4 d5 2. c4 Nf6 3. Nc3 e6 4. Nf3 c5 5. e3 b6 6. Ne5 Bd6 7. Nb5 Bxe5 8. dxe5
Ne4 9. cxd5 O-O 10. d6 Nc6 11. Bd3 Nxf2 12. Kxf2 Nxe5 13. Be4 Qh4+ 14. g3 Qxe4
15. Nc3 Qf5+ 16. Ke2 Ba6+ 17. Kd2 Nf3+ 0-1

[Event "First Saturday 2010 oktober FM-B"]
[Site "Bodapest"]
[Date "2010.10.08"]
[Round "7"]
[White "Vujosevics, Eszter"]
[Black "Szakats, Stefan"]
[Result "0-1"]
[WhiteElo "1367"]
[BlackElo "1859"]
[PlyCount "64"]
[EventDate "2010.10.02"]

1. e4 c5 2. Nf3 a6 3. c4 Nc6 4. d4 cxd4 5. Nxd4 Nf6 6. Nc3 g6 7. Be2 Bg7 8. f3
O-O 9. O-O e6 10. Bg5 Qc7 11. Qd2 Nxe4 12. Nxe4 Bxd4+ 13. Kh1 f5 14. Ng3 Qb6
15. Bh6 Bg7 16. Qg5 Qxb2 17. Rab1 Bxh6 18. Qxh6 Qg7 19. Qg5 h6 20. Qh4 Kh7 21.
Qf4 e5 22. Qd2 Nd4 23. Bd3 b5 24. cxb5 axb5 25. Rfe1 Bb7 26. a4 d6 27. Rb4 Rac8
28. Bb1 Qc7 29. h3 Qc3 30. Qxc3 Rxc3 31. Ba2 Nc2 32. Reb1 Nxb4 0-1

[Event "First Saturday 2010 oktober FM-B"]
[Site "Bodapest"]
[Date "2010.10.09"]
[Round "8"]
[White "Shan, He Jia Rita"]
[Black "Kiss, Sydney Olimpia"]
[Result "1/2-1/2"]
[WhiteElo "1528"]
[BlackElo "1472"]
[PlyCount "54"]
[EventDate "2010.10.02"]

1. e4 c5 2. Nf3 Nc6 3. d4 cxd4 4. Nxd4 e6 5. Nxc6 bxc6 6. Nc3 d5 7. exd5 cxd5
8. Bb5+ Bd7 9. Bxd7+ Qxd7 10. O-O Nf6 11. Bg5 Be7 12. Bxf6 Bxf6 13. Qe2 O-O 14.
Rfe1 Rac8 15. Nd1 Qc7 16. c3 Rb8 17. Ne3 Rfd8 18. Ng4 Bh4 19. g3 Be7 20. Ne5
Qb6 21. Rab1 Bd6 22. Qe3 Qxe3 23. Rxe3 Bxe5 24. Rxe5 Rb7 25. b3 Rc7 26. Re3 d4
27. cxd4 Rxd4 1/2-1/2

[Event "First Saturday 2010 oktober FM-B"]
[Site "Bodapest"]
[Date "2010.10.09"]
[Round "8"]
[White "Muller, Daniel"]
[Black "Toth, Antal"]
[Result "1-0"]
[WhiteElo "1535"]
[BlackElo "1642"]
[PlyCount "69"]
[EventDate "2010.10.02"]

1. e4 c5 2. Nf3 d6 3. c3 Nf6 4. Bc4 e6 5. Qe2 Nc6 6. Bb3 Bd7 7. d4 cxd4 8. cxd4
Be7 9. Nc3 a6 10. e5 dxe5 11. dxe5 Ng8 12. O-O Qc7 13. Bf4 Bb4 14. Ne4 Nge7 15.
Nd6+ Bxd6 16. exd6 Qb8 17. Qe4 Ng6 18. Bg3 O-O 19. h4 Re8 20. h5 Nf8 21. Rac1
Na5 22. Bc2 Qa7 23. h6 Nc6 24. hxg7 Ng6 25. Qg4 Rac8 26. Bxg6 hxg6 27. Qh4 Kxg7
28. Rxc6 f6 29. Rxc8 Rxc8 30. Ne5 Rh8 31. Qg4 Be8 32. Qxe6 b5 33. d7 Bxd7 34.
Nxd7 Qd4 35. Ne5 1-0

[Event "First Saturday 2010 oktober FM-B"]
[Site "Bodapest"]
[Date "2010.10.10"]
[Round "9"]
[White "Hendi, Peter"]
[Black "Shan, He Jia Rita"]
[Result "1-0"]
[WhiteElo "1685"]
[BlackElo "1528"]
[PlyCount "59"]
[EventDate "2010.10.02"]

1. d4 e6 2. c4 d5 3. Nc3 f5 4. Nf3 Nf6 5. Bg5 Bd6 6. e3 c6 7. Be2 O-O 8. O-O h6
9. Bh4 b6 10. Ne5 Qc7 11. f4 Ba6 12. Qa4 Bxe5 13. fxe5 Ne4 14. Nxe4 dxe4 15.
Qa3 g5 16. Be1 Bb7 17. Bc3 Nd7 18. b4 c5 19. Qb2 Rab8 20. Qd2 Rfd8 21. Qe1 Ba6
22. bxc5 bxc5 23. d5 exd5 24. cxd5 Bxe2 25. d6 Qc6 26. Qxe2 Nb6 27. Rxf5 Nd5
28. Qh5 Qd7 29. Qg6+ Qg7 30. Qe6+ 1-0

[Event "First Saturday 2010 oktober FM-B"]
[Site "Bodapest"]
[Date "2010.10.10"]
[Round "9"]
[White "Szakats, Stefan"]
[Black "Hetesi, Zoltan"]
[Result "1-0"]
[WhiteElo "1859"]
[BlackElo "1540"]
[PlyCount "31"]
[EventDate "2010.10.02"]

1. e4 e5 2. Nf3 Nc6 3. Bb5 a6 4. Ba4 Bc5 5. c3 Nf6 6. Bc2 d5 7. d4 exd4 8. e5
Ng4 9. cxd4 Bb4+ 10. Nc3 Be6 11. O-O Qd7 12. a3 Ba5 13. Na4 O-O-O 14. Ng5 f6
15. Nc5 Qe7 16. Ngxe6 1-0

[Event "First Saturday 2010 oktober FM-B"]
[Site "Bodapest"]
[Date "2010.10.11"]
[Round "10"]
[White "Shan, He Jia Rita"]
[Black "Vujosevics, Eszter"]
[Result "1-0"]
[WhiteElo "1528"]
[BlackElo "1367"]
[PlyCount "107"]
[EventDate "2010.10.02"]

1. d4 d5 2. Bf4 c5 3. e3 Nc6 4. Nf3 Nf6 5. c3 Qb6 6. Qb3 c4 7. Qxb6 axb6 8. Na3
g6 9. Ne5 Nxe5 10. Bxe5 Bg7 11. Nb5 O-O 12. Be2 Ra5 13. Na3 Bd7 14. Bc7 Ra6 15.
Nc2 Bf5 16. Nb4 Raa8 17. Bxb6 Nd7 18. Bc7 Rfc8 19. Nxd5 Kf8 20. Bf4 Be4 21. Bf3
Bxf3 22. gxf3 Ra7 23. Bg5 f6 24. Bf4 g5 25. Bg3 h5 26. h4 g4 27. fxg4 hxg4 28.
h5 e6 29. Nc7 Ke7 30. Nb5 Ra6 31. Na3 Rb6 32. Rb1 Bf8 33. Kd2 Bg7 34. Bf4 e5
35. dxe5 fxe5 36. Bg5+ Kf7 37. Rhg1 Rd6+ 38. Kc2 Rg8 39. Nxc4 Ra6 40. Na3 e4
41. Rbd1 Ne5 42. Bf4 Ke6 43. Bxe5 Bxe5 44. Rh1 Rb8 45. Rdg1 Kf5 46. h6 Rd6 47.
Nc4 Rg6 48. Nxe5 Kxe5 49. Rh4 Rf6 50. Rgxg4 Rxf2+ 51. Kb3 Re2 52. Rxe4+ Kd5 53.
h7 Rf8 54. c4+ 1-0

[Event "First Saturday 2010 oktober FM-B"]
[Site "Bodapest"]
[Date "2010.10.11"]
[Round "10"]
[White "Batari, Zoltan"]
[Black "Toth, Antal"]
[Result "1/2-1/2"]
[WhiteElo "1708"]
[BlackElo "1642"]
[PlyCount "56"]
[EventDate "2010.10.02"]

1. d4 d5 2. c4 e6 3. Nc3 Nf6 4. Bg5 dxc4 5. e4 h6 6. Bxf6 gxf6 7. Bxc4 c5 8. d5
Bd6 9. Qh5 e5 10. Nf3 Na6 11. O-O Bd7 12. Nb5 Bxb5 13. Bxb5+ Ke7 14. Nh4 Kf8
15. Qf5 Nc7 16. Be2 Ne8 17. Bh5 Ng7 18. Qf3 Be7 19. Nf5 Nxf5 20. Qxf5 Qc8 21.
Qf3 Rg8 22. Qe3 Rg5 23. Be2 Bd6 24. Rac1 Qd7 25. h3 Ke7 26. Bg4 Qa4 27. a3 Qb5
28. Qc3 Rag8 1/2-1/2

[Event "First Saturday 2010 oktober FM-B"]
[Site "Bodapest"]
[Date "2010.10.12"]
[Round "11"]
[White "Vujosevics, Eszter"]
[Black "Muller, Daniel"]
[Result "1-0"]
[WhiteElo "1367"]
[BlackElo "1535"]
[PlyCount "79"]
[EventDate "2010.10.02"]

1. e4 e5 2. Nf3 Nc6 3. Bc4 Nf6 4. d3 Bc5 5. Nc3 d6 6. Bg5 h6 7. Bxf6 Qxf6 8.
Nd5 Qd8 9. h3 Be6 10. O-O Qd7 11. Qe2 O-O-O 12. Bb3 g5 13. Nf6 Qe7 14. Bxe6+
fxe6 15. Nh5 Qf7 16. g4 Rhf8 17. Nd2 d5 18. a3 Qg6 19. b4 Bb6 20. c3 a6 21. Ng3
Qf7 22. a4 Ne7 23. a5 Ba7 24. b5 axb5 25. a6 b6 26. d4 c6 27. exd5 Rxd5 28. c4
Rxd4 29. cxb5 c5 30. Nde4 Ng6 31. Rad1 Nf4 32. Qe3 Rfd8 33. Rxd4 exd4 34. Qe1
d3 35. Qa1 Rd4 36. Qxd4 Qe7 37. Qh8+ Qd8 38. Nd6+ Kc7 39. Qxd8+ Kxd8 40. Nc4
1-0